| 000 -LEADER |
| fixed length control field |
00451nam a22001817a 4500 |
| 008 - FIXED-LENGTH DATA ELEMENTS--GENERAL INFORMATION |
| fixed length control field |
131111b xxu||||| |||| 00| 0 ger d |
| 020 ## - INTERNATIONAL STANDARD BOOK NUMBER |
| International Standard Book Number |
3952060631 |
| 041 0# - LANGUAGE CODE |
| Language code of text/sound track or separate title |
ger |
| 080 ## - UNIVERSAL DECIMAL CLASSIFICATION NUMBER |
| Universal Decimal Classification number |
336.7:133.2 |
| Common auxiliary subdivision |
(035) |
| 100 1# - Rafti |
| -- |
Egli,René |
| 245 ## - TITLE STATEMENT |
| Title |
Das LOL²A-Prinzip : |
| Statement of responsibility, etc |
René Egli |
| 250 ## - |
| -- |
12. Auflage |
| -- |
d'OLT |
| 260 ## - |
| -- |
1996. |
| 300 ## - |
| -- |
94 f. : |
| -- |
19 cm. |
| 650 #0 - |
| -- |
Financat |
| 650 #0 - |
| -- |
Paraja |
| 942 ## - ADDED ENTRY ELEMENTS (KOHA) |
| Source of classification or shelving scheme |
|
| Item type |
Books |